[Event "Novi Sad ol (Men)"]
[Site "Novi Sad"]
[Date "1990.??.??"]
[Round "3"]
[White "Denny, Kevin"]
[Black "Sosonko, Gennadi"]
[Result "0-1"]
[WhiteElo "2235"]
[BlackElo "2520"]

1.e4 c5 2.Nf3 Nc6 3.Bb5 d6 4.O-O Bd7 5.c3 Nf6 6.Re1 a6 7.Bxc6 Bxc6 8.d4 Bxe4
9.Bg5 Bd5 10.Bxf6 gxf6 11.c4 Bxf3 12.Qxf3 cxd4 13.Qxf6 Rg8 14.Qxd4 Qd7 15.Qb6 Bg7
16.Nd2 Qc6 17.Qxc6+ bxc6 18.Rab1 c5 19.Nf1 Kd7 20.Ne3 e6 21.Red1 Rgb8 22.b3 Rb6
23.Rd3 Ke7 24.Re1 Kf8 25.Red1 Rd8 26.Kf1 f5 27.f4 Ke7 28.Ke2 h5 29.h4 a5
30.Nc2 a4 31.Ne1 axb3 32.axb3 Ra8 33.Rf3 Bd4 34.Nc2 Ra2 35.Rd2 Bf6 36.Kd1 Rb2
37.Rdd3 Bxh4 38.Rh3 Bf6 39.Rxh5 R2xb3 40.Rh7+ Ke8 41.Rxb3 Rxb3 42.Rh6 Kf7
43.Rh7+ Bg7 44.Rh3 Rxh3 45.gxh3 Bh6  0-1

[Event "Novi Sad ol (Men)"]
[Site "Novi Sad"]
[Date "1990.??.??"]
[Round "4"]
[White "Khaled, F."]
[Black "Massana, Jorge"]
[Result "1/2-1/2"]
[WhiteElo "2350"]
[BlackElo "2225"]

1.e4 c5 2.Nf3 Nc6 3.Bb5 g6 4.O-O Bg7 5.Bxc6 dxc6 6.d3 Nf6 7.a4 O-O 8.Nbd2 Bg4
9.Re1 Ne8 10.h3 Bxf3 11.Nxf3 Nc7 12.Nh2 e5 13.Be3 Ne6 14.Qd2 Nd4 15.Ng4 f5
16.exf5 gxf5 17.Bxd4 Qxd4 18.Ne3 e4 19.Rad1 exd3 20.Qxd3 Qxd3 21.Rxd3 f4
22.Nd1 Rad8 23.Kf1 Rxd3 24.cxd3 Rd8 25.Ke2 Rd4 26.Kf3 Rxa4 27.Re7 Rb4 28.Rd7 Bxb2
29.Nxb2 Rxb2 30.Kxf4 Rxf2+ 31.Ke5 Rf7 32.Rd8+ Kg7 33.g4 a5 34.Kd6 Rf3 35.Kc7 Rxh3
36.Kxb7 a4 37.Kxc6 a3 38.Kxc5 a2 39.Ra8 Rxd3 40.Rxa2 Kg6 41.Rh2 h6 42.Rh1 Rd2
43.Rh3  1/2-1/2

[Event "Novi Sad ol (Men)"]
[Site "Novi Sad"]
[Date "1990.??.??"]
[Round "4"]
[White "Reyes, Juan"]
[Black "Wirthensohn, Heinz"]
[Result "1/2-1/2"]
[WhiteElo "2410"]
[BlackElo "2430"]

1.e4 c5 2.Nf3 Nc6 3.Bb5 g6 4.O-O Bg7 5.c3 Nf6 6.Re1 O-O 7.h3 e5 8.d4 cxd4
9.cxd4 exd4 10.e5 Nd5 11.Na3 d6 12.Bxc6 bxc6 13.Nxd4 Qc7 14.Ndb5 cxb5 15.Qxd5 Be6
16.Qd3 Bxe5 17.Nxb5 Qc4 18.Qxc4 Bxc4 19.f4 Bg7 20.Nxd6 Ba6 21.Be3 Bxb2  1/2-1/2

[Event "Novi Sad ol (Men)"]
[Site "Novi Sad"]
[Date "1990.??.??"]
[Round "4"]
[White "Nishimura, Hiroyuki"]
[Black "Garcia, Raul"]
[Result "0-1"]
[WhiteElo "2205"]
[BlackElo "2230"]

1.e4 c5 2.Nf3 Nc6 3.Bb5 g6 4.O-O Bg7 5.c3 Nf6 6.Re1 a6 7.Bf1 O-O 8.d4 cxd4
9.cxd4 d5 10.e5 Ne4 11.Nbd2 Bf5 12.h3 Rc8 13.g4 Nxd2 14.Qxd2 Bd7 15.b3 f6
16.e6 Be8 17.Ba3 h6 18.h4 h5 19.gxh5 g5 20.hxg5 Bxh5 21.Nh4 f5 22.g6 f4 23.Be2 Bxe2
24.Qxe2 f3 25.Qe3 Qc7 26.Bc1 Nxd4 27.Qg5 Ne2+ 28.Kh1 Qe5 29.Qxe5 Bxe5 30.Rb1 Rc2
31.Ba3 Kg7 32.Bxe7 Rh8 33.Rxe2 fxe2 34.Kg2 Rd2 35.Re1 Bf6 36.Nf5+ Kxg6 37.Bxf6 Kxf6
38.Ng3 Rxa2 39.Nxe2 Re8 40.Nc3 Rd2  0-1

[Event "Novi Sad ol (Men)"]
[Site "Novi Sad"]
[Date "1990.??.??"]
[Round "4"]
[White "Cabrilo, Goran"]
[Black "Gonzales, Eliseo"]
[Result "1-0"]
[WhiteElo "2485"]
[BlackElo "2255"]

1.e4 c5 2.Nf3 Nc6 3.Bb5 g6 4.O-O Bg7 5.Re1 Nf6 6.c3 O-O 7.h3 Qb6 8.Ba4 d6
9.d4 cxd4 10.cxd4 Nd7 11.Bxc6 bxc6 12.Nc3 Ba6 13.b3 Qa5 14.Bd2 Rfe8 15.Rc1 Rac8
16.Na4 Qb5 17.Nc3 Qb8 18.Bg5 h6 19.Be3 c5 20.Qd2 Kh7 21.Na4 cxd4 22.Bxd4 Rxc1
23.Rxc1 Bb7 24.Nc3 Rc8 25.Bxg7 Kxg7 26.Re1 Nf6 27.Nd4 a6 28.Re3 Qc7 29.Nde2 Qc5
30.Qd4 Qxd4 31.Nxd4 Nd7 32.Kf1 Ne5 33.Ke1 Nc6 34.Nde2 Ne5 35.Kd2 Kf6 36.Nd5+ Bxd5
37.exd5 Rc5 38.Nc3 Kf5 39.g4+ Kf4 40.Ne2+ Kg5 41.f4+ Kh4 42.fxe5 Rxd5+ 43.Ke1 dxe5
44.b4 f5 45.gxf5 gxf5 46.a4 e4 47.Rb3 e5 48.b5 axb5 49.axb5 Rd7 50.b6 Rb7
51.Nc3 e3 52.Na4 f4 53.Nc5 Rb8 54.b7 Kg3 55.Nd7 Kg2 56.Rb2+ Kg1 57.Nxe5  1-0

[Event "Novi Sad ol (Men)"]
[Site "Novi Sad"]
[Date "1990.??.??"]
[Round "5"]
[White "El Taher, Fouad"]
[Black "Maki, Veijo"]
[Result "1-0"]
[WhiteElo "2375"]
[BlackElo "2415"]

1.e4 c5 2.Nf3 Nc6 3.Bb5 g6 4.O-O Bg7 5.Re1 Nf6 6.c3 O-O 7.d4 cxd4 8.cxd4 d5
9.e5 Ne4 10.Nc3 Nxc3 11.bxc3 Qa5 12.Qa4 Qxa4 13.Bxa4 Bd7 14.Rb1 Rab8 15.Ba3 Rfe8
16.Bb3 Bf5 17.Bxd5 Bxb1 18.e6 f5 19.Rxb1 Na5 20.Kf1 Rbd8 21.c4 Rc8 22.Rb4 Bf6
23.Ke2 Red8 24.Kd3 b6 25.h3 Rc7 26.g4 h6 27.Rb5 fxg4 28.hxg4 g5 29.Bb4 Nc6
30.Bc3 Kg7 31.Nd2 Kh7 32.Ne4 Bg7 33.Ng3 Rf8 34.Nf5 Nd8 35.Be4 Kh8 36.Nxg7 Kxg7
37.d5+ Kg8 38.Rb1 Nb7 39.Be5 Nc5+ 40.Kd4 Nxe4 41.Bxc7 Nxf2 42.d6 exd6 43.Bxd6 Rf3
44.c5 bxc5+ 45.Kc4 Re3 46.Rb8+ Kh7 47.e7 Ne4 48.Rh8+  1-0

[Event "Novi Sad ol (Men)"]
[Site "Novi Sad"]
[Date "1990.??.??"]
[Round "6"]
[White "Fairclough, Neil"]
[Black "Le Blancq, Simon"]
[Result "0-1"]
[WhiteElo "2235"]
[BlackElo "2265"]

1.e4 c5 2.Nf3 Nc6 3.Bb5 g6 4.O-O Bg7 5.Re1 Nf6 6.c3 O-O 7.h3 a6 8.Bf1 e5
9.d4 d6 10.dxc5 dxc5 11.Qxd8 Rxd8 12.a4 b6 13.Nbd2 Nd7 14.Bc4 Rb8 15.Nf1 h6
16.Ne3 b5 17.axb5 axb5 18.Bd5 Ne7 19.Rd1 Nxd5 20.Nxd5 Bb7 21.Be3 Nf6 22.Nxf6+ Bxf6
23.Rxd8+ Rxd8 24.Bxh6 Bxe4 25.Ra6 Bh8 26.Rb6 Bd3 27.Be3 Rc8 28.Rb7 f6 29.Nd2 Bg7
30.g4 Bf8 31.Rd7 Bc2 32.Rb7 Bd3 33.h4 f5 34.gxf5 gxf5 35.Bg5 b4 36.h5 bxc3
37.bxc3 f4 38.h6 Rc6 39.Rb8 Rg6 40.h7+ Kxh7 41.Rxf8 Rxg5+ 42.Kh2 Kg7 43.Rc8 e4
44.Rd8 c4 45.Rd4 e3 46.fxe3 fxe3 47.Nf3 Rf5 48.Rg4+ Kf6 49.Rg3 e2 50.Ne1 Rf1
51.Rf3+ Ke7 52.Re3+ Kd7 53.Ng2 Kc6 54.Re5 Rc1 55.Kg3 Rxc3 56.Kf2 Kd6 57.Re8 Rc1
58.Ne1 Kd5 59.Ra8 Kd4 60.Ra3 Rb1 61.Nf3+ Kc5 62.Ne1 Rd1 63.Ra7 Kb4 64.Ra8 Kc3
65.Rb8 Ra1 66.Re8 Ra6 67.Ke3 Rh6 68.Nxd3 cxd3 69.Rc8+ Kb2 70.Kd2 Rh7 71.Rb8+ Ka3  0-1

[Event "Novi Sad ol (Men)"]
[Site "Novi Sad"]
[Date "1990.??.??"]
[Round "8"]
[White "Mortensen, Erling"]
[Black "Ivanovic, Bozidar"]
[Result "0-1"]
[WhiteElo "2485"]
[BlackElo "2520"]

1.e4 c5 2.Nf3 Nc6 3.Bb5 g6 4.O-O Bg7 5.Re1 Nf6 6.c3 O-O 7.h3 Ne8 8.d4 cxd4
9.cxd4 Nc7 10.Bf1 d5 11.e5 b6 12.Nc3 Bb7 13.Be3 Ne6 14.Qd2 Rc8 15.Rad1 Na5
16.b3 Qd7 17.Bd3 Nc6 18.Ne2 f6 19.exf6 exf6 20.h4 Rfe8 21.Bh6 Bxh6 22.Qxh6 Nb4
23.Bb1 Nc2 24.Bxc2 Rxc2 25.Rd2 Rcc8 26.Rd3 Ba6 27.Re3 Bxe2 28.R3xe2 Ng7 29.Qf4 Rxe2
30.Rxe2 Rf8 31.Rc2 Ne6 32.Qc1 Re8 33.g3 Kg7 34.Rc6 Nc5 35.Rxc5 bxc5 36.dxc5 d4
37.c6 Qd6 38.Qd2 d3 39.Qc3 Rc8 40.Nd4 Rxc6 41.Qxd3 Rc1+ 42.Kg2 Qd5+ 43.f3 Rc7
44.Qe3 Rd7 45.Ne2 Qd6 46.Qe4 Re7 47.Qc2 Rc7 48.Qe4 Qe5 49.Qd3 Qb2 50.Kh3 Qa1
51.Qd8 Rb7 52.Nd4 Qh1+ 53.Kg4 h5+ 54.Kf4 Qe1 55.Qd5 Re7  0-1

[Event "Novi Sad ol (Men)"]
[Site "Novi Sad"]
[Date "1990.??.??"]
[Round "8"]
[White "Weemaes, Ronald"]
[Black "Massana, Jorge"]
[Result "1/2-1/2"]
[WhiteElo "2360"]
[BlackElo "2225"]

1.e4 c5 2.Nf3 Nc6 3.Bb5 g6 4.O-O Bg7 5.Bxc6 bxc6 6.d3 d6 7.Qe2 Bg4 8.Nbd2 e5
9.Nc4 Ne7 10.Ne3 Bxf3 11.Qxf3 O-O 12.Qh3 f5 13.exf5 Nxf5 14.Nxf5 Rxf5 15.Bd2  1/2-1/2

[Event "Novi Sad ol (Men)"]
[Site "Novi Sad"]
[Date "1990.??.??"]
[Round "10"]
[White "Antunes, Antonio"]
[Black "Ardiansyah, Haji"]
[Result "1-0"]
[WhiteElo "2450"]
[BlackElo "2450"]

1.e4 c5 2.Nf3 Nc6 3.Bb5 e6 4.Bxc6 bxc6 5.O-O d5 6.d3 Qc7 7.b3 Nf6 8.Nbd2 Be7
9.Bb2 O-O 10.Ne5 a5 11.a4 Ne8 12.f4 f6 13.Ng4 f5 14.exf5 exf5 15.Ne5 Nf6
16.Qe2 Re8 17.Rae1 Ba6 18.Qf3 Rad8 19.Kh1 Bd6 20.Qg3 d4 21.Bc1 Nh5 22.Qh4 Nf6
23.Ndf3 Bc8 24.Re2 Be6 25.Rfe1 Bd5 26.Bd2 Re7 27.Nc4 Bxc4 28.Rxe7 Bxe7 29.bxc4 Re8
30.Re2 Ra8 31.h3 Bd6 32.Ne5 Nd7 33.Qh5 Rf8 34.Bxa5 Qb7 35.Be1 Nb8 36.a5 Qb1
37.Kh2 Qd1 38.Qf3 Re8 39.Bg3 h6 40.a6 Re7 41.Nxc6 Nxc6 42.Qd5+ Kh7 43.Rxe7  1-0

[Event "Novi Sad ol (Men)"]
[Site "Novi Sad"]
[Date "1990.??.??"]
[Round "11"]
[White "Kuczynski, Robert"]
[Black "Vasquez, Rodrigo"]
[Result "0-1"]
[WhiteElo "2480"]
[BlackElo "2415"]

1.e4 c5 2.Nf3 Nc6 3.Bb5 d6 4.O-O Bd7 5.Re1 Nf6 6.c3 a6 7.Bf1 Bg4 8.h3 Bxf3
9.Qxf3 g6 10.d3 Bg7 11.Bg5 h6 12.Bh4 O-O 13.Na3 b5 14.Nc2 Nd7 15.Rad1 Qb6
16.Qe3 Qb7 17.d4 cxd4 18.cxd4 e5 19.d5 Nd4 20.Nxd4 exd4 21.Qd2 Rfc8 22.f3 Nc5
23.b3 b4 24.Bc4 Na4 25.Rf1 Nc3 26.Rde1 Re8 27.Qd3 a5 28.f4 Kh8 29.Bg3 Re7
30.f5 gxf5 31.exf5 Re3 32.Rxe3 dxe3 33.f6 Bf8 34.Qf5 Qc8 35.Qh5 e2 36.Re1 Ne4
37.Bh4 Qc5+ 38.Kh2 Qe3 39.Rxe2 Qf4+ 40.g3 Nxf6 41.gxf4 Nxh5 42.f5 Bg7 43.Be7 Bf8
44.f6 Nf4 45.Re4 Ng6 46.Bb5 Rc8 47.Bc6 h5 48.Kg3 Kh7 49.Kf3 Kh6 50.Ke3 Kg5
51.Kd4 h4 52.Kc4 Kf5 53.Re1 Rb8 54.Kd4 Kg5 55.Re2 Rc8 56.Re1 Rb8 57.Re3 Rc8
58.Re2 Rb8 59.Re4 Rc8 60.Rg4+ Kh5 61.Re4 Kg5 62.Bb5 Rb8 63.Bd7 Ra8 64.Rg4+ Kh5
65.Re4 Kg5 66.Ba4 Nf4 67.Re3 Ng6 68.Re1 Rc8 69.Bb5 Rb8 70.Bc6 Rc8 71.Re4 Rb8
72.Ke3 Rc8 73.Kf3 Kh5 74.Re3 Kg5 75.Re1 Kh5 76.Kf2 Kg5 77.Re2 Kf4 78.Re3 Ne5
79.Re2 Kf5 80.Re1 Bh6 81.Re2 Nxc6 82.dxc6 Rxc6 83.Bd8 Rc5 84.Re7 Kxf6 85.Ra7+ Kg6
86.Rxa5 Bg5 87.Ra8 Rf5+  0-1

[Event "Novi Sad ol (Men)"]
[Site "Novi Sad"]
[Date "1990.??.??"]
[Round "12"]
[White "Maki, Veijo"]
[Black "Feller, Joseph"]
[Result "1-0"]
[WhiteElo "2415"]
[BlackElo "2270"]

1.e4 c5 2.Nf3 Nc6 3.Bb5 Qb6 4.Nc3 e6 5.O-O Nge7 6.Re1 Nd4 7.a4 a6 8.Bc4 Nec6
9.d3 Nxf3+ 10.Qxf3 Nd4 11.Qd1 Be7 12.e5 d5 13.exd6 Qxd6 14.Ne4 Qc7 15.c3 Nf5
16.Qf3 Nh4 17.Qh5 Ng6 18.a5 Bd7 19.Bg5 Bxg5 20.Nxg5 Qc6 21.Re4 Qd6 22.Rae1 Kf8
23.Qf3 Qe7 24.Nxe6+ Bxe6 25.Rxe6 Qd7 26.Re7  1-0

[Event "Orange op"]
[Site "Orange"]
[Date "1990.??.??"]
[Round "3"]
[White "Pira, Davoud"]
[Black "Tugui, Adrian"]
[Result "1-0"]
[WhiteElo "2345"]
[BlackElo "1800"]

1.e4 c5 2.Nf3 Nc6 3.Bb5 d6 4.O-O Bd7 5.Re1 Nf6 6.Nc3 g6 7.Nd5 Bg7 8.Nxf6+ Bxf6
9.c3 a6 10.Bf1 O-O 11.h3 Qb6 12.d3 Bg7 13.Qe2 Rab8 14.Be3 Qc7 15.d4 cxd4
16.cxd4 b5 17.Rac1 Qa5 18.b3 Rfc8 19.d5 Nd8 20.Nd4 Rxc1 21.Rxc1 e6 22.dxe6 Nxe6
23.Nxe6 Bxe6 24.Rd1 Rd8 25.Bd4 Bxd4 26.Rxd4 Qc3 27.Qd1 Qb2 28.Qd2 Qxd2 29.Rxd2 f6
30.f4 d5 31.Kf2 Rd7 32.Ke3 Kf7 33.b4 Ke7 34.a3 dxe4 35.Rxd7+ Kxd7 36.Kxe4 Kd6
37.Kd4 g5 38.fxg5 fxg5 39.g3 h6 40.Bg2 Bc8 41.h4 gxh4 42.gxh4 Bd7 43.Bb7 Be8
44.Bxa6 Bc6 45.Bc8 Be8 46.Bf5 Bc6 47.Bd3 Be8 48.Ke4 Ke6 49.Be2 Bc6+ 50.Kf4 Be8
51.Bf3 Kf6 52.Bd5 Bg6 53.Bc6 Bd3 54.Ke3 Bc4 55.Kd4 Kf5 56.a4  1-0

[Event "Orange op"]
[Site "Orange"]
[Date "1990.??.??"]
[Round "4"]
[White "Georgiev, Krum"]
[Black "Gochev, Mladen"]
[Result "1-0"]
[WhiteElo "2455"]
[BlackElo "2355"]

1.e4 c5 2.Nf3 Nc6 3.Bb5 Nf6 4.e5 Nd5 5.O-O Nc7 6.a4 Nxb5 7.axb5 Nd4 8.c4 d6
9.Nxd4 cxd4 10.exd6 Qxd6 11.d3 Qg6 12.Bf4 Bg4 13.Qa4 Bd7 14.c5 Rc8 15.Qxa7 Bxb5
16.Qxb7 Qc6 17.Qxc6+ Bxc6 18.Be5 f6 19.Bxd4 e5 20.Be3 Rb8 21.Ra6 Kd7 22.Rd1 Rxb2
23.d4 Kc7 24.dxe5 fxe5 25.Nd2 Rc2 26.Ra5 Bb7 27.Rb1 Be7 28.Ra7 Rb8 29.Ne4 Re2
30.Nc3 Rxe3 31.Nd5+  1-0

[Event "Paris Immopar"]
[Site "Paris"]
[Date "1990.??.??"]
[Round "?"]
[White "Short, Nigel D"]
[Black "Gulko, Boris F"]
[Result "1-0"]
[WhiteElo "2635"]
[BlackElo "2610"]

1.e4 c5 2.Nf3 Nc6 3.Bb5 e6 4.O-O Nge7 5.b3 Nd4 6.Nxd4 cxd4 7.Bb2 a6 8.Be2 Nc6
9.c4 Bc5 10.d3 O-O 11.Nd2 d6 12.a3 a5 13.f4 f5 14.Kh1 Rb8 15.exf5 exf5 16.Bf3 Be6
17.Re1 Bf7 18.Nf1 Qd7 19.Ng3 d5 20.Qc2 dxc4 21.dxc4 Qd6 22.Qxf5 Bxc4 23.Qc2 Bd5
24.Ne4 Bxe4 25.Bxe4 Rxf4 26.g3 Rf6 27.Bxh7+ Kh8 28.Be4 Rbf8 29.Qe2 Rf2 30.Qh5+ Qh6
31.Qxh6+ gxh6 32.Rab1 Ne5 33.b4 axb4 34.axb4 Bb6 35.Ba1 Ng4 36.Bg2 Ra2 37.Re6 Ba7
38.h3 Rff2 39.Bd5 Rh2+ 40.Kg1 Rxh3 41.Bxa2 Rxg3+ 42.Kf1 Rf3+ 43.Ke1 Ne3 44.Re8+ Kh7
45.Ke2 Rh3 46.Bg8+ Kg6 47.Rg1+ Kf6 48.Bb3 Nf5 49.Re6+  1-0

[Event "Paris-ch"]
[Site "Paris"]
[Date "1990.??.??"]
[Round "?"]
[White "Moingt, Jean Claude"]
[Black "Lukasiewicz, Grzegorz"]
[Result "1-0"]
[WhiteElo "2265"]
[BlackElo "2320"]

1.e4 c5 2.Nf3 Nc6 3.Bb5 g6 4.O-O Bg7 5.c3 Nf6 6.Re1 O-O 7.d4 cxd4 8.e5 Nd5
9.cxd4 a6 10.Bc4 Nb6 11.Bb3 d5 12.h3 Na5 13.Bc2 Bd7 14.Nbd2 Rc8 15.Nf1 Na8
16.Ne3 Nc7 17.h4 Be6 18.h5 Qd7 19.hxg6 fxg6 20.Ng5 Nc4 21.Nxh7 Kxh7 22.Qh5+ Kg8
23.Bxg6 Rf7 24.Nxc4 dxc4 25.Qh7+ Kf8 26.Bh6  1-0

[Event "Paris-ch"]
[Site "Paris"]
[Date "1990.??.??"]
[Round "?"]
[White "Hawelko, Marek"]
[Black "Foisor, Cristina Adela B"]
[Result "1/2-1/2"]
[WhiteElo "2410"]
[BlackElo "2295"]

1.e4 c5 2.Nf3 Nc6 3.Bb5 g6 4.O-O Bg7 5.Re1 Nf6 6.c3 O-O 7.d4 cxd4 8.cxd4 d5
9.e5 Ne4 10.Nc3 Nxc3 11.bxc3 Bg4 12.h3 Bxf3 13.Qxf3 Qa5 14.Bxc6 bxc6 15.Bg5 f6
16.exf6 exf6 17.Bf4 Rfe8 18.Re3 f5 19.g4 fxg4 20.Qxg4 Rxe3 21.Bxe3 Qc7 22.Qe6+ Kh8
23.Rb1 Rf8 24.Bg5 c5 25.Qxd5 cxd4 26.cxd4 Rf5 27.Qa8+ Rf8 28.Qe4 Qd7 29.Be3 Qxh3
30.Rb7 Qc8 31.Rxa7 Re8 32.Qf3 h5 33.d5 Qc4 34.d6 Re4 35.Re7 Rg4+ 36.Kh2 Rh4+
37.Kg2 Rg4+ 38.Kh2 Rh4+ 39.Kg2 Rg4+  1/2-1/2

[Event "URS-chT"]
[Site "Podolsk"]
[Date "1990.??.??"]
[Round "?"]
[White "Tseshkovsky, Vitaly"]
[Black "Sveshnikov, Evgeny"]
[Result "1/2-1/2"]
[WhiteElo "2490"]
[BlackElo "2515"]

1.e4 c5 2.Nf3 Nc6 3.Bb5 e6 4.O-O Nge7 5.Re1 a6 6.Bxc6 Nxc6 7.b3 Be7 8.Bb2 O-O
9.d4 d5 10.exd5 Qxd5 11.Nc3 Qd8 12.dxc5 Bxc5 13.Qe2 Qc7 14.Na4 Bb4 15.c3 Be7
16.c4 Bd7 17.Red1 Rad8 18.Qe3 Bc8 19.Nb6 Rxd1+ 20.Rxd1 Rd8 21.Rxd8+ Nxd8
22.g3 Bd7 23.Nxd7 Qxd7 24.a3 f6 25.b4 Kf7  1/2-1/2

[Event "URS-chT"]
[Site "Podolsk"]
[Date "1990.??.??"]
[Round "?"]
[White "Balashov, Yuri S"]
[Black "Panchenko, Alexander N"]
[Result "1/2-1/2"]
[WhiteElo "2535"]
[BlackElo "2445"]

1.e4 c5 2.Nf3 Nc6 3.Bb5 e6 4.O-O Nge7 5.Re1 a6 6.Bxc6 Nxc6 7.d4 cxd4 8.Nxd4 d6
9.Nc3 Bd7 10.Nxc6 Bxc6 11.a4 Be7 12.Be3 O-O 13.a5  1/2-1/2

[Event "URS-chT"]
[Site "Podolsk"]
[Date "1990.??.??"]
[Round "?"]
[White "Deev, Andrei"]
[Black "Yandemirov, Valeri"]
[Result "0-1"]
[WhiteElo "2390"]
[BlackElo "2380"]

1.e4 c5 2.Nf3 Nc6 3.Bb5 e6 4.Bxc6 bxc6 5.d3 Qc7 6.O-O Ne7 7.Nh4 Ng6 8.Qh5 Nxh4
9.Qxh4 Be7 10.Qg4 O-O 11.f4 f5 12.Qe2 d5 13.Nc3 fxe4 14.dxe4 Rf7 15.Bd2 Qb6
16.Rfb1 c4+ 17.Kh1 d4 18.Nd1 Ba6 19.c3 c5 20.Nf2 Rb8 21.h3 Qc6 22.Ng4 Bd6
23.e5 Bf8 24.Nh2 Rfb7 25.Be1 Rb6 26.Nf3 Qb7 27.Nd2 Qd5 28.Nf3 Qb7 29.Nd2 Qf7
30.Qf2 Rxb2 31.Rc1 d3 32.Qg3 Bb7 33.Rab1 Bd5 34.Bf2 Rxb1 35.Rxb1 Rxb1+ 36.Nxb1 Qb7
37.Nd2 Qb2 38.Qe3 Qxc3 39.f5 exf5 40.Nf3 Be7 41.e6 Qa1+ 42.Kh2 Bxf3 43.gxf3 Qd4  0-1

[Event "URS-chT"]
[Site "Podolsk"]
[Date "1990.??.??"]
[Round "?"]
[White "Glek, Igor V"]
[Black "Akopian, Vladimir"]
[Result "1-0"]
[WhiteElo "2535"]
[BlackElo "2550"]

1.e4 c5 2.Nf3 Nc6 3.Bb5 Qc7 4.O-O Nf6 5.Re1 e6 6.c3 Be7 7.d4 cxd4 8.cxd4 d5
9.e5 Ne4 10.Nbd2 Nxd2 11.Bxd2 Bd7 12.Rc1 Qb6 13.Ba4 Qa6 14.a3 Rc8 15.Bg5 h6
16.Be3 O-O 17.Bc2 f6 18.exf6 Rxf6 19.Ne5 Be8 20.Ng4 Qb6 21.Nxf6+ Bxf6 22.Qg4 Bf7
23.Bg6 Re8 24.b4 a6 25.Rc5 Qd8 26.Bxf7+ Kxf7 27.Rec1 Kf8 28.Qd1 Qd6 29.Qd2 Kg8
30.a4 Ra8 31.b5 axb5 32.axb5 Ne7 33.Bf4 Qd7 34.Be5 Bxe5 35.dxe5 Ng6 36.f4 Rf8
37.g3 Qe8 38.Qd3 Ne7 39.Rc7 Nf5 40.Rxb7 Qa8 41.Rbc7 Rb8 42.g4 Nh4 43.Qg3 Ng6
44.f5 Nf8 45.f6 gxf6 46.exf6 Qa4 47.Rg7+ Kh8 48.Qxb8 Qd4+ 49.Kg2 Qe4+ 50.Kg3 Qe3+
51.Kh4 Qf2+ 52.Kh5 Qxf6 53.Qc7 d4 54.b6 d3 55.b7 d2 56.Rh7+  1-0

[Event "URS-chT"]
[Site "Podolsk"]
[Date "1990.??.??"]
[Round "?"]
[White "Lukin, Andrei M"]
[Black "Dvoirys, Semen I"]
[Result "1/2-1/2"]
[WhiteElo "2465"]
[BlackElo "2535"]

1.e4 c5 2.Nf3 Nc6 3.Bb5 d6 4.O-O Bd7 5.c3 a6 6.Ba4 Nf6 7.Re1 b5 8.Bc2 e5
9.h3 Be7 10.d4 O-O 11.Nbd2 Qc7 12.dxc5 dxc5 13.Nf1 Rad8 14.Qe2 Nh5 15.N3h2 Nf4
16.Bxf4 exf4 17.e5 g6 18.Ng4 Kg7 19.Qf3 Bxg4 20.Qxg4 Nxe5 21.Qxf4 Bd6 22.Ne3 Nc4
23.Nf5+ Kh8 24.Nxd6 Qxd6 25.Qxd6 Rxd6 26.b4 Na3 27.bxc5 Nxc2 28.cxd6 Rd8
29.a4 bxa4 30.Kf1 Nxa1 31.Rxa1 Rxd6 32.Rxa4 Kg7 33.Ke2 Kf6 34.Ke3 Ke6 35.c4 Kd7  1/2-1/2

[Event "URS-chT"]
[Site "Podolsk"]
[Date "1990.??.??"]
[Round "?"]
[White "Minasian, Artashes"]
[Black "Karasev, Vladimir I"]
[Result "1/2-1/2"]
[WhiteElo "2480"]
[BlackElo "2375"]

1.e4 c5 2.Nf3 Nc6 3.Bb5 e6 4.O-O Nge7 5.c3 a6 6.Ba4 b5 7.Bc2 d5 8.Qe2 d4
9.a4 b4 10.cxd4 Nxd4 11.Nxd4 Qxd4 12.d3 Nc6 13.a5 Qd8 14.Be3 Bd7 15.Ba4 Ra7
16.Qc2 Rc7 17.Nd2 Be7 18.Nb3 Nd4 19.Bxd4 cxd4 20.Bxd7+ Qxd7 21.Qb1 O-O 22.Nd2 f5
23.exf5 exf5 24.Rc1 Rxc1+ 25.Qxc1 Bg5 26.Qc4+ Qf7 27.Qxf7+ Kxf7 28.Nf3 Bh6
29.Nxd4 Rd8 30.Nc6 Rd6 31.Nxb4 Bd2 32.Nc2 Rxd3 33.Rd1 Rd6 34.Ne3 Bb4 35.Rxd6 Bxd6
36.Nxf5 Bb4 37.Kf1 Bxa5 38.Ke2 Bc7 39.g3 Be5 40.b3 Ke6 41.Ne3 h5 42.h3 Bc7
43.Kd3 g6 44.Ke4 Bb6 45.f4 Bc7 46.Nc4 Kf6 47.Ne5 Bd6 48.g4 hxg4 49.hxg4 Bb4
50.Nd7+ Ke6 51.Nb8 a5 52.Nc6 Bd2 53.Ne5 Kf6 54.Nc4 Be1 55.Kd5 Bg3 56.Ke4 Be1
57.Nb2 Bd2 58.Nd3 Ke6 59.Kd4 Kd6 60.Kc4 Be3 61.f5  1/2-1/2

[Event "URS-chT"]
[Site "Podolsk"]
[Date "1990.??.??"]
[Round "?"]
[White "Minasian, Artashes"]
[Black "Khasin, Alexander"]
[Result "0-1"]
[WhiteElo "2480"]
[BlackElo "2470"]

1.e4 c5 2.Nf3 Nc6 3.Bb5 g6 4.O-O Bg7 5.c3 a6 6.Bxc6 dxc6 7.d3 Nf6 8.h3 O-O
9.Qe2 a5 10.a4 b6 11.Bf4 Re8 12.Bh2 Ba6 13.c4 Nd7 14.e5 Nf8 15.Nc3 f5 16.Qe3 Ne6
17.Ne2 Qd7 18.Rad1 Rad8 19.Qc1 Nd4 20.Nexd4 cxd4 21.Rfe1 c5 22.b3 e6 23.Bf4 Bb7
24.Nh2 Qc7 25.Re2 Rd7 26.Rde1 Rf7 27.h4 Qe7 28.g3 Qf8 29.f3 h6 30.Kf2 Kh7
31.Rg1 Qe7 32.Ke1 Rh8 33.Kd1 Kg8 34.Kc2 Kf8 35.Reg2 Rh7 36.Qd2 Ke8 37.Kb2 Kd7
38.Ka3 Qf8 39.Rf2 Qh8 40.Re1 Bf8 41.Rh1 Be7 42.Nf1 Rfg7 43.Qd1 g5 44.Bd2 g4
45.Nh2 gxf3 46.Bf4 Bg5 47.hxg5 hxg5 48.Bc1 Rh3 49.Qd2 Rxg3 50.Nf1 Qxh1 51.Nxg3 Qh3
52.Nf1 f4 53.Qd1 Kc7 54.Rh2 Qf5 55.Rh8 g4 56.Rh2 Qg6 57.Rh4 g3  0-1

[Event "URS-chT"]
[Site "Podolsk"]
[Date "1990.??.??"]
[Round "?"]
[White "Shabanov, Yuri"]
[Black "Zezulkin, Jurij"]
[Result "1-0"]
[WhiteElo "2385"]
[BlackElo "2360"]

1.e4 c5 2.Nf3 Nc6 3.Bb5 d6 4.O-O Bd7 5.c3 a6 6.Bxc6 Bxc6 7.Re1 Nf6 8.d4 Bxe4
9.Bg5 Bd5 10.Bxf6 gxf6 11.Nbd2 e6 12.c4 Bxf3 13.Qxf3 cxd4 14.Qxb7 Bg7 15.Qc6+ Ke7
16.Nb3 f5 17.Rad1 Ra7 18.Nxd4 Bxd4 19.Rxd4 Qc7 20.Qf3 Qc5 21.Rd5 Qb4 22.Qe3 Rc7
23.Rxf5 Qxc4 24.Qg5+ Ke8 25.Qg7 Rf8 26.Rf3 Qxa2 27.Rfe3 Rc2 28.b3 e5 29.Rxe5+ dxe5
30.Qxe5+ Kd7 31.Qe7+ Kc6 32.Qxf8 Qxb3 33.Qc8+ Kd5 34.Qd7+ Kc4 35.Qc6+ Kb4
36.Qb6+ Ka3 37.Qa5+  1-0

[Event "URS-ch (Women)"]
[Site "Podolsk"]
[Date "1990.??.??"]
[Round "4"]
[White "Semenova, Lidia K"]
[Black "Prudnikova, Svetlana"]
[Result "0-1"]
[WhiteElo "2350"]
[BlackElo "2210"]

1.e4 c5 2.Nf3 Nc6 3.Bb5 g6 4.Bxc6 dxc6 5.d3 Bg7 6.Nc3 Nf6 7.Be3 b6 8.h3 O-O
9.Qd2 Re8 10.Nh2 e5 11.O-O-O a5 12.g4 a4 13.Rdg1 Nd7 14.g5 Nf8 15.h4 Ne6
16.Ng4 Nd4 17.Rg3 Bxg4 18.Rxg4 b5 19.h5 a3 20.b3 c4 21.hxg6 fxg6 22.f3 Re7
23.Bxd4 Qxd4 24.dxc4 bxc4 25.Qxd4 exd4 26.Ne2 d3 27.Nf4 dxc2 28.Kxc2 cxb3+
29.Kxb3 Rb7+ 30.Kc4 Ra4+ 31.Kd3 Rd7+ 32.Ke3 Rc4 33.Ne2 Rc2 34.Rb1 Rxa2 35.Rb8+ Kf7
36.Ra8 Rb7 37.Nd4 c5 38.Nc6 Rb3+ 39.Kf4 Rf2 40.Ra7+ Ke6 41.Nd8+ Kd6 42.Nf7+ Kc6
43.Nd8+ Kb5 44.Rxg7 a2 45.Rb7+ Kc4 46.Rxb3 a1=Q 47.Rb7 Qd1 48.Rg3 Qxd8 49.Rxh7 Qf8+
50.Ke3 Rb2 51.Rh4 Rb3+ 52.Kf2 Kb5 53.f4 Rb2+ 54.Kf3 Qd8 55.f5 Qd3+ 56.Kf4 Rf2+
57.Kg4 Qxe4+  0-1

[Event "Bohemians"]
[Site "Prague"]
[Date "1990.??.??"]
[Round "?"]
[White "Mainka, Romuald"]
[Black "Nun, Jiri"]
[Result "1/2-1/2"]
[WhiteElo "2445"]
[BlackElo "2445"]

1.e4 c5 2.Nf3 Nc6 3.Bb5 e6 4.O-O Nge7 5.b3 Nd4 6.Nxd4 cxd4 7.c3 a6 8.Bd3 Nc6
9.cxd4 Nxd4 10.Bb2 Bc5 11.e5 Qg5 12.Nc3 d5 13.exd6 f5 14.Na4 Ba7 15.Rc1 Bd7
16.Bxd4 Bxd4 17.Qf3 O-O 18.Qxb7 Bxa4 19.bxa4 Qxd2 20.Qf3 Rad8 21.Rfd1 Qh6
22.Bxa6 Rxd6 23.Rc6 e5 24.Bc4+ Kh8 25.Rxd6  1/2-1/2

[Event "Bohemians"]
[Site "Prague"]
[Date "1990.??.??"]
[Round "?"]
[White "Mainka, Romuald"]
[Black "Rogers, Ian"]
[Result "0-1"]
[WhiteElo "2445"]
[BlackElo "2515"]

1.e4 c5 2.Nf3 Nc6 3.Bb5 d6 4.O-O Bd7 5.Re1 a6 6.Bxc6 Bxc6 7.c3 Nf6 8.d4 Bxe4
9.Bg5 Bd5 10.Nbd2 c4 11.b3 b5 12.bxc4 bxc4 13.Rb1 e6 14.Bxf6 gxf6 15.Rb4 Be7
16.Nxc4 Bxf3 17.Qxf3 d5 18.Rb7 dxc4 19.d5 Rb8 20.Rxb8 Qxb8 21.dxe6 O-O 22.exf7+ Rxf7
23.Qg4+ Kf8 24.Qxc4 Bd6 25.g3 a5 26.Qd5 a4 27.Re6 Be5 28.c4 Qb1+ 29.Kg2 Qb7
30.f4 Qxd5+ 31.cxd5 Bb2 32.Rb6 a3 33.Kf3 f5 34.g4 fxg4+ 35.Kxg4 Rf6 36.Rb7 h6
37.Rd7 Ke8 38.Rb7 Bc1 39.f5 h5+ 40.Kf3 Rxf5+ 41.Ke4 Rf2 42.d6 Rxa2 43.Rc7 Bg5  0-1

[Event "Bohemians (Women)"]
[Site "Prague"]
[Date "1990.??.??"]
[Round "?"]
[White "Gizynska, B."]
[Black "Maskova, Jana"]
[Result "1-0"]
[WhiteElo "2230"]
[BlackElo "2230"]

1.e4 c5 2.Nf3 Nc6 3.Bb5 e6 4.O-O Nge7 5.c3 d5 6.exd5 Qxd5 7.d4 Bd7 8.c4 Qh5
9.Nc3 cxd4 10.Nxd4 Qxd1 11.Rxd1 Ng6 12.Nxc6 bxc6 13.Ba4 f5 14.Be3 Be7 15.f4 O-O-O
16.g3 e5 17.Ne2 Kc7 18.Bc2 Be6 19.b3 exf4 20.Nxf4 Nxf4 21.Bxf4+ Bd6 22.Rxd6  1-0

[Event "Prague Mladi op"]
[Site "Prague"]
[Date "1990.??.??"]
[Round "4"]
[White "Velikhanli, Firuza"]
[Black "Faibisovich, Vadim Z"]
[Result "1-0"]
[WhiteElo "2270"]
[BlackElo "2410"]

1.e4 c5 2.Nf3 Nc6 3.Bb5 g6 4.O-O Bg7 5.c3 Nf6 6.Re1 a6 7.Bxc6 dxc6 8.e5 Nd5
9.d4 cxd4 10.Qxd4 Bf5 11.Qh4 h6 12.Na3 b5 13.Nd4 Qd7 14.e6 fxe6 15.g4 e5
16.Nxf5 Bf6 17.Qh3 gxf5 18.Qh5+ Kd8 19.c4 Rg8 20.cxd5 Rxg4+ 21.Kf1 Kc7 22.h3 Rh4
23.Qf3 Qxd5 24.Qxf5 Rf8 25.Be3 Bg7 26.Qg6 Bh8 27.Rad1 Qh1+ 28.Ke2 Qxh3 29.Kd2 Rg4
30.Qc2 Qf3 31.Kc1 c5 32.Qxc5+ Qc6 33.Qxc6+ Kxc6 34.Re2  1-0